00970cam a22002771 4500001001300000003000400013005001700017008004100034010001700075035001900092040002000111042001200131050002200143100003400165245009000199260005100289300005000340490004900390500004900439504003000488650003900518650002500557650004100582810005200623999001700675gs 62000254 DLC20260227111411.0760623s1961 xx 000 0 eng  ags 62000254  a(OCoLC)2275455 aDLCcMeU-PdDLC apremarc00aQE171b.A3 no. 171 aSkehan, James William,d1923-14aThe Green Mountain anticlinorium in the vicinity of Wilmington and Woodford, Vermont. aMontpelier,bVermont Development Dept.,c1961. a159 p.billus. (1 col.) maps (1 col.)c23 cm.1 aVermont. Geological Survey. Bulletinvno. 17 aPart of illustrative matter fold. in pocket. aBibliography: p. 155-159. 0aGeologyzVermontzGreen Mountains. 0aGeology, Structural. 0aPetrologyzVermontzGreen Mountains.1 aVermont.bState Geologist.tBulletin ;vno. 17. c29644d29644